000 00496nam a2200205 a 4500
001 11675
003 CO-ViMGA
008 141112s2004 ck r 000 u spa d
020 _a8482807005
040 _aCO-ViMGA
_bspa
_cCO-ViMGA
082 0 4 _a823.3 S267
100 1 _aScott Walter,
_916289
245 1 0 _aRobin Hood
250 _a1
300 _a154 p.
490 _acuentos clasicos ilustrados
650 1 4 _aLEYENDA INGLESA
_916290
650 1 4 _aLITERATURA INFANTIL
_92746
942 _2ddc
_cBK
999 _c22857
_d22857